|
|
|
|
| LEADER |
00000nab a2200000 a 4500 |
| 001 |
vtls000566761 |
| 003 |
SK-MaSNL |
| 005 |
20260303013237.0 |
| 008 |
160204c1993 xo 0 slo |
| 015 |
|
|
|a SNBRA19rr/mm-uuuuu
|
| 035 |
|
|
|a CL0566899
|
| 040 |
|
|
|a SNKBUCL
|b slo
|c SNKBUCL
|e AACR2
|
| 041 |
0 |
|
|a slo
|
| 044 |
|
|
|a xo
|c SK
|
| 080 |
|
|
|a 674-419:665.939.57
|2 1981
|
| 080 |
|
|
|a 665.939.57
|2 1981
|
| 100 |
1 |
|
|a Dubovský, Ján
|4 aut
|9 279785
|
| 245 |
1 |
0 |
|a Vplyv tvrdiva zmesného močovinoformaldehydového lepidla "LP" na mechanické vlastnosti preglejok
|c Ján Dubovský, Roman Réh
|
| 300 |
|
|
|b Tab. 1, res. angl., lit. 5 zázn. v angl., slov.
|
| 650 |
0 |
7 |
|a preglejky
|2 snkbucl
|9 23891
|
| 650 |
0 |
7 |
|a močovinoformaldehydové lepidlá
|2 snkbucl
|9 20672
|
| 655 |
|
7 |
|a články zo zborníkov
|2 snkbucl
|9 166140
|
| 700 |
1 |
|
|a Réh, Roman,
|d 1959-
|4 aut
|9 210874
|
| 773 |
0 |
|
|t Zborník referátov z odborného seminára
|d Zvolen : Technická univerzita vo Zvolene, 1993
|g S. 60-64
|z 8022802565
|
| 850 |
|
|
|a Slovenská národná knižnica v Martine
|a MTA001
|
| 852 |
|
|
|a SNK
|b KIS3GCP
|
| 958 |
|
|
|a NB
|
| 958 |
|
|
|a RK
|
| 992 |
|
|
|a RZB
|
| 999 |
|
|
|c 1601513
|d 1603443
|